00402 a2200121 4500001000900000005001700009008004100026245008100067100002200148700002000170773007300190999001700263ART_355020260410161716.0260409a 10aApuntes sobre la evolución del empleo industrial en el período 1973-19841 aBeccaria, Luis A.1 aYoguel, Gabriel0 tDesarrollo económicog- Vol. 27, Nº 108 (ene./mar. 1988)wREV1174 c16497d16497